000
00336nam a2200121Ia 4500
008
230724s2010 xx und d
020
_a
9783836520102
041
_a
eng
100
_a
SMITH A.C. AND SMITH S.
245
_a
DEVELOPING YOUR DESIGN PROCESS, SIX KEY CONCEPTS FOR STUDIO.
260
_b
ROUTLEDGE ,USA
_c
2010
300
_a
397
999
_c
1175295
_d
1175295